| 000 | 01041nam a2200265 4500 | ||
|---|---|---|---|
| 003 | OSt | ||
| 005 | 20260530113911.0 | ||
| 008 | 260422b1992 xxua|||| |||| 00| 0 eng d | ||
| 020 | _a0901726435 | ||
| 040 |
_aICI _bspa _cICI _erda |
||
| 050 |
_aF1219.5 _bB758 |
||
| 100 | 1 |
_aBrotherston, Gordon, _eautor _933404 |
|
| 245 | 1 | 0 |
_aMexican painted books : _boriginals in United Kingdom and the world they represent / _cGordon Brotherston |
| 264 | 1 |
_aColchester : _bUniversity of Essex, Colchester, in association with the British Museum, _c1992 |
|
| 300 |
_a41 páginas : _bilustraciones, cartas |
||
| 336 |
_2rdacontent _atexto |
||
| 337 |
_2rdamedia _asin medio |
||
| 338 |
_2rdacarrier _avolumen |
||
| 650 | 4 |
_aManuscritos mexicanos precolombinos _933405 |
|
| 650 | 4 |
_aManuscritos mexicanos _vGran Bretaña _933406 |
|
| 650 | 4 |
_aIndios de México _xEscritura _xLenguas _933407 |
|
| 650 | 4 |
_aArte indígena _xTemas, motivos _zToluca (Estado de México : Ciudad Capital) _933408 |
|
| 650 | 4 |
_aIndios de México _xHistoria _933409 |
|
| 942 |
_2lcc _n1 _cBK |
||
| 999 |
_c12131 _d12131 |
||